Statistics for Top 10 Belgian PL scorers

Click here to take the quiz!

General Stats

  • This quiz has been taken 23 times
  • The average score is 6 of 10

Answer Stats

HintAnswer% Correct
84Lukaku
100%
76Hazard
95%
65Benteke
73%
33Fellaini
64%
14Kompany
59%
29Mirallas
55%
20Chadli
45%
12Dembele
36%
13Vermaelen
36%
15Strupar
5%

Score Distribution

Percentile by Number Answered

Percent of People with Each Score

Your Score History

You have not taken this quiz